Obálka Náhled e-knihy:
PDF Epub
Pro půjčování e-knih musíte být přihlášeni.
Jak si půjčit online?

Mrazivé vyhlídky /

Další detektivní román z řady s policistkou Madison Harperovou z městečka Lost Creek. Vánoce jsou za dveřmi, ale detektiva Harperovou zaměstnávají vraždy mladých matek - a Madison jako sama matka může být další obětí.

Uloženo v:
Série:Madison Harperová, část 5
Hlavní autor: Dranfield, Wendy (Autor)
Další autoři: Vlčková, Jana, 1973- (Autor)
Médium: E-kniha
Jazyk:Czech
Vydáno: V Praze : Kniha Zlin, 2024
Vydání:1. vydání
Témata:
Příbuzné jednotky:Z cyklu:: Madison Harperová
Tagy:
Žádné tagy
LEADER 02717nam a2200457 i 4500
001 312560
003 CZ PrSKC
005 20260601215724.0
007 ta
008 241108s2024 xr g 000 f cze
015 |a cnb003641457 
020 |a 9788076627499  |q (vázáno) :  |c Kč 449,00 
035 |a (OCoLC)1498299152 
040 |a ABG001  |b cze  |e rda 
041 1 |a cze  |h eng 
072 7 |a 821.111-3  |x Anglická próza, anglicky psaná  |2 Konspekt 
080 |a 821.111-31  |2 MRF 
080 |a (0:82-312.4)  |2 MRF 
100 1 |a Dranfield, Wendy  |7 xx0276894  |4 aut 
240 1 0 |a Catch her death.  |l Česky 
245 1 0 |a Mrazivé vyhlídky /  |c Wendy Dranfield ; z anglického originálu Catch her death ... přeložila Jana Vlčková 
250 |a 1. vydání 
264 1 |a V Praze :  |b Kniha Zlin,  |c 2024 
300 |a 343 stran ;  |c 21 cm 
336 |a text  |b txt  |2 rdacontent 
337 |a bez média  |b n  |2 rdamedia 
338 |a svazek  |b nc  |2 rdacarrier 
500 |a Další názvová informace na obálce: detektiv Madison Harperová 
520 2 |a Další detektivní román z řady s policistkou Madison Harperovou z městečka Lost Creek. Vánoce jsou za dveřmi, ale detektiva Harperovou zaměstnávají vraždy mladých matek - a Madison jako sama matka může být další obětí.  |b Blíží se Vánoce a na městečko Lost Creek se snášejí sněhové vločky. V autosedačce potichu pláče tříletý chlapeček. Jeho matka, studená jako led, leží zhroucená na volantu. O pár dnů později je nalezena další mrtvá matka s přeživším dítětem. Detektiv Madison Harperová během vyšetřování zjišťuje, že případy se podobají zločinům, které kdysi spáchal nechvalně proslulý sériový vrah - ten, kterého vyšetřoval její otec jako zvláštní agent FBI. Co když je Madison, sama svobodná matka, další na řadě? Nakladatelská anotace. 
655 7 |a anglické romány  |7 fd131814  |2 czenas 
655 7 |a detektivní romány  |7 fd132010  |2 czenas 
655 9 |a English fiction  |2 eczenas 
655 9 |a detective novels  |2 eczenas 
700 1 |a Vlčková, Jana,  |d 1973-  |7 mzk2003184700  |4 trl 
787 0 8 |i Z cyklu:  |t Madison Harperová  |g 5 
900 |a ABA001  |b 21 
928 9 |a Albatros Media - Kniha Zlin 
044 |a xr 
910 |a RBIT002 
998 |d 415378  |a https://core.palmknihy.cz/api/books/415378/cover?smk6ci  |b https://core.palmknihy.cz/api/books/415378/cover/400?smk6ci  |c https://core.palmknihy.cz/api/books/415378/cover/50?smk6ci  |e 2030-02-14  |g 344  |i 9788076627499  |j https://core.palmknihy.cz/api/books/415378/preview.epub  |k https://core.palmknihy.cz/api/books/415378/preview.pdf  |l   |q 49  |r 1  |s https://www.palmknihy.cz/kniha/415378  |t ebook  |y 2024  |z 0  |v Madison Harperová  |w 5 
999 |d 312558